000
00288nam a2200133Ia 4500
100
_a
Black/Pery/O
942
_c
BK
654
_a
Tool makers.
245
_a
Tool makers handy book.
260
_b
Taraporevala Sons & Co
_c
2001
082
_a
621.9024
300
_a
374
546
_a
ENGLISH
999
_c
21561
_d
21561